[Event "Frankfurt Ch 2009"]
[Site "Ffm-Kalbach, LAZ"]
[Date "2009.05.04"]
[Round "2.1"]
[White "Göbel, Andreas"]
[Black "Govciyan, Pavel"]
[Result "1-0"]
[WhiteElo "2047"]
[BlackElo "2412"]
[PlyCount "89"]
[EventDate "2009.??.??"]
[WhiteTeam "SC Brett vor'm Kopp Ffm"]
[BlackTeam "vereinslos"]

1. Nf3 g6 2. c4 Bg7 3. Nc3 e5 4. d4 exd4 5. Nxd4 Nc6 6. e3 Nf6 7. Be2 O-O 8.
O-O Re8 9. b3 d5 10. Nxc6 bxc6 11. Bb2 Ne4 12. Rc1 Be6 13. cxd5 cxd5 14. Bb5
Re7 15. Bc6 Rb8 16. Qc2 Nxc3 17. Bxc3 Qd6 18. Bxg7 Kxg7 19. Rfd1 Rb6 20. Qc3+
f6 21. Rd4 Bf7 22. Qc5 Qe5 23. Bxd5 Rd6 24. Re4 Qh5 25. Rxe7 Rxd5 26. Rxf7+
Kxf7 27. Qxc7+ Kg8 28. g3 Rd1+ 29. Rxd1 Qxd1+ 30. Kg2 Qd5+ 31. Kh3 g5 32. Qc4
Qxc4 33. bxc4 Kf7 34. f4 h5 35. fxg5 fxg5 36. g4 h4 37. Kg2 Ke6 38. Kf3 Ke5 39.
h3 a6 40. a3 a5 41. a4 Kd6 42. Ke4 Kc5 43. Kd3 Kb4 44. e4 Kxa4 45. e5 1-0

[Event "Frankfurt Ch 2009"]
[Site "Ffm-Kalbach, LAZ"]
[Date "2009.05.04"]
[Round "2.2"]
[White "Dubiel, Jacek"]
[Black "Orwatsch, Gerhard"]
[Result "1-0"]
[WhiteElo "2397"]
[BlackElo "2080"]
[PlyCount "109"]
[EventDate "2009.??.??"]
[WhiteTeam "vereinslos"]
[BlackTeam "SK 1858 Gießen"]

1. e4 c6 2. d4 d5 3. e5 g6 4. c4 Bg7 5. Nc3 e6 6. Nf3 Ne7 7. Bd3 O-O 8. O-O a6
9. Bf4 dxc4 10. Bxc4 Nd5 11. Bg5 Nxc3 12. bxc3 Qa5 13. Be7 Qxc3 14. Rc1 Qa5 15.
Bxf8 Bxf8 16. Ng5 Qd8 17. Ne4 Nd7 18. Bb3 Be7 19. Rc3 Nb6 20. Rh3 Nd5 21. Qd2
Qf8 22. g4 f5 23. exf6 Nxf6 24. Ng5 Nd5 25. f4 h6 26. Ne4 Qg7 27. Kh1 Bd7 28.
Nc5 Bxc5 29. dxc5 Rf8 30. Rhf3 Kh8 31. Kg2 Qe7 32. Qd4+ Qg7 33. Qxg7+ Kxg7 34.
Kg3 Nf6 35. Re1 Nd5 36. Rb1 Bc8 37. Bxd5 exd5 38. Re3 Kf6 39. h4 Rd8 40. Rbe1
d4 41. Re7 g5 42. hxg5+ hxg5 43. fxg5+ Kxg5 44. Re8 Rxe8 45. Rxe8 Bxg4 46. Rg8+
Kf5 47. Rxg4 Ke5 48. Kf3 Kd5 49. Ke2 Kc4 50. Kd2 a5 51. Rg5 a4 52. Rh5 a3 53.
Rg5 d3 54. Rg7 Kxc5 55. Rxb7 1-0

[Event "Frankfurt Ch 2009"]
[Site "Ffm-Kalbach, LAZ"]
[Date "2009.05.04"]
[Round "2.3"]
[White "Ochmann, Reimund"]
[Black "Telljohann, Sven"]
[Result "0-1"]
[WhiteElo "2119"]
[BlackElo "2415"]
[PlyCount "122"]
[EventDate "2009.??.??"]
[WhiteTeam "SK Langen"]
[BlackTeam "Sfr. Schöneck"]

1. e4 c5 2. Nf3 e6 3. d4 cxd4 4. Nxd4 Nf6 5. Bd3 a6 6. O-O d6 7. a4 Be7 8. Nc3
O-O 9. Be3 Nc6 10. Kh1 Nxd4 11. Bxd4 e5 12. Be3 Be6 13. f4 Ng4 14. Bg1 exf4 15.
Rxf4 Ne5 16. Nd5 Bg5 17. Rf1 Bxd5 18. exd5 Nxd3 19. Qxd3 Bf6 20. Bd4 Bxd4 21.
Qxd4 Qc7 22. c3 Rae8 23. Rae1 Re7 24. Rxe7 Qxe7 25. b4 Re8 26. h3 Qg5 27. c4
Re2 28. Qg4 Qxg4 29. hxg4 Kf8 30. Rc1 Re4 31. a5 Rxg4 32. b5 Ke7 33. b6 Re4 34.
Kg1 Kd7 35. Kf2 Re8 36. Kf3 Rc8 37. Ke4 Rc5 38. Kd4 Rxa5 39. Rf1 Ke7 40. Re1+
Kf8 41. Re2 Ra4 42. Rb2 h5 43. Kc3 Ra1 44. Kb4 Rc1 45. Re2 Rb1+ 46. Ka5 Rb3 47.
Rf2 Rg3 48. Rb2 h4 49. Kb4 g5 50. Ra2 Re3 51. Rf2 Kg7 52. Rc2 g4 53. c5 Re4+
54. Kb3 dxc5 55. Rxc5 g3 56. Kc3 h3 57. d6 Re3+ 58. Kd2 hxg2 59. d7 g1=Q 60.
Rg5+ Kh6 61. d8=Q Qf2+ 0-1

[Event "Frankfurt Ch 2009"]
[Site "Ffm-Kalbach, LAZ"]
[Date "2009.05.04"]
[Round "2.4"]
[White "Schöne, Matthias"]
[Black "Malek, Daniel"]
[Result "0-1"]
[WhiteElo "2035"]
[BlackElo "2313"]
[PlyCount "76"]
[EventDate "2009.??.??"]
[WhiteTeam "SC Bad Nauheim"]
[BlackTeam "SV Oberursel"]

1. e4 c6 2. d4 d5 3. Nc3 dxe4 4. Nxe4 Bf5 5. Ng3 Bg6 6. h4 h6 7. Nf3 Nd7 8. h5
Bh7 9. Bd3 Bxd3 10. Qxd3 e6 11. Bd2 Ngf6 12. O-O-O Be7 13. Qe2 O-O 14. Kb1 c5
15. c3 Qb6 16. Ne5 cxd4 17. Nxd7 Nxd7 18. cxd4 Nf6 19. Ka1 Rfd8 20. Be3 Rd5 21.
Qf3 Ra5 22. Bd2 Ra4 23. Ne2 Nd5 24. g4 Rc8 25. Rc1 Rxc1+ 26. Rxc1 Qa6 27. Rc8+
Bf8 28. Nc1 Rxd4 29. Bc3 Rc4 30. Rxc4 Qxc4 31. Ne2 b5 32. b3 Qc7 33. Bb2 Be7
34. Nd4 Bf6 35. Qd3 Qh2 36. a3 Qxf2 37. Ne2 Bxb2+ 38. Kxb2 Nf4 0-1

[Event "Frankfurt Ch 2009"]
[Site "Ffm-Kalbach, LAZ"]
[Date "2009.05.04"]
[Round "2.5"]
[White "Zude, Erik"]
[Black "Hierling, Stefan"]
[Result "1-0"]
[WhiteElo "2377"]
[BlackElo "2045"]
[PlyCount "153"]
[EventDate "2009.??.??"]
[WhiteTeam "SV 1920 Hofheim"]
[BlackTeam "SK 1927 Dieburg"]

1. d4 d5 2. c4 c6 3. Nf3 g6 4. Bf4 Bg7 5. e3 Nf6 6. Nc3 O-O 7. h3 Nbd7 8. cxd5
Nxd5 9. Nxd5 cxd5 10. Bd3 Qa5+ 11. Qd2 Qxd2+ 12. Kxd2 f6 13. Bc7 Kh8 14. Rhc1
e5 15. Be2 exd4 16. Nxd4 Ne5 17. Bf3 Nxf3+ 18. Nxf3 Bd7 19. Ba5 Rac8 20. Bc3
Kg8 21. Bd4 b6 22. b3 Kf7 23. a4 Rxc1 24. Rxc1 Rc8 25. Ra1 Bf8 26. Bc3 a6 27.
Nd4 Bd6 28. Rc1 Ba3 29. Rc2 Bd6 30. Ra2 Ke7 31. Kd3 Be8 32. Ra1 Bd7 33. g4 Kf7
34. Rg1 h6 35. f4 Be7 36. h4 Rg8 37. Rg2 h5 38. g5 Rc8 39. Rg1 Rc7 40. Kd2 Rc8
41. Rf1 f5 42. Nf3 Be8 43. Rc1 Ba3 44. Rc2 Bc5 45. Kd3 Be7 46. Kd2 Ke6 47. Ne5
Bc5 48. Nd3 Bd6 49. Ra2 a5 50. Bd4 Rc6 51. Bb2 Be7 52. Be5 Bd8 53. Ne1 Be7 54.
Nc2 Kf7 55. Bc3 Rc8 56. Nd4 Bc5 57. Nc2 Bd6 58. Bd4 Rc6 59. Kd3 Bc5 60. Ra1 Bd7
61. Ne1 Bc8 62. Nf3 Ba6+ 63. Kd2 Bb4+ 64. Kd1 Re6 65. Rc1 Bc5 66. Bxc5 bxc5 67.
Ne5+ Rxe5 68. fxe5 c4 69. bxc4 Bxc4 70. Rb1 Ke6 71. Rb6+ Kxe5 72. Kd2 f4 73.
Rxg6 fxe3+ 74. Kxe3 d4+ 75. Kd2 Kf5 76. Rd6 d3 77. Rxd3 1-0

[Event "Frankfurt Ch 2009"]
[Site "Ffm-Kalbach, LAZ"]
[Date "2009.05.04"]
[Round "2.7"]
[White "Faqiry, Ramat"]
[Black "Solonar, Stefan"]
[Result "0-1"]
[WhiteElo "1974"]
[BlackElo "2371"]
[PlyCount "44"]
[EventDate "2009.??.??"]
[WhiteTeam "SK Bad Homburg 1927"]
[BlackTeam "SC Heusenstamm"]

1. d4 Nf6 2. c4 d6 3. Nc3 Nbd7 4. e3 e5 5. Nf3 c6 6. Bd3 g6 7. O-O Bg7 8. b3
O-O 9. Bb2 Re8 10. Qc2 Qe7 11. dxe5 dxe5 12. Be2 e4 13. Nh4 Qe6 14. g3 g5 15.
Ng2 Qh3 16. Na4 Ne5 17. Bxe5 Rxe5 18. f4 exf3 19. Bxf3 Bg4 20. Rad1 Bxf3 21.
Rxf3 Ng4 22. Ne1 Nxe3 0-1

[Event "Frankfurt Ch 2009"]
[Site "Ffm-Kalbach, LAZ"]
[Date "2009.05.04"]
[Round "2.8"]
[White "Cors, Heinz-Friedrich"]
[Black "Schlamp, Robert"]
[Result "0-1"]
[WhiteElo "1984"]
[BlackElo "2301"]
[PlyCount "50"]
[EventDate "2009.??.??"]
[WhiteTeam "Schachforum Darmstadt 1994"]
[BlackTeam "SV Oberursel"]

1. e4 e6 2. d4 d5 3. Nd2 c5 4. exd5 exd5 5. Ngf3 Nf6 6. Bb5+ Bd7 7. Qe2+ Be7 8.
dxc5 O-O 9. O-O Bxc5 10. Bxd7 Nbxd7 11. Nb3 Bb6 12. Bg5 Qc7 13. Rad1 Rfe8 14.
Qd3 Re4 15. c3 Rae8 16. Nbd4 h6 17. Be3 Qb8 18. Nf5 Nc5 19. Qd2 Rxe3 20. fxe3
Nce4 21. Qe1 g6 22. N5d4 Ng4 23. h3 Ngf6 24. Qh4 Kg7 25. Rfe1 Bc7 0-1

[Event "Frankfurt Ch 2009"]
[Site "Ffm-Kalbach, LAZ"]
[Date "2009.05.04"]
[Round "2.9"]
[White "Isserman, Ryhor"]
[Black "Biegel, Thomas"]
[Result "1-0"]
[WhiteElo "2266"]
[BlackElo "2017"]
[PlyCount "142"]
[EventDate "2009.??.??"]
[WhiteTeam "SK Bad Homburg 1927"]
[BlackTeam "SC Eschborn 1974"]

1. Nf3 d5 2. c4 c6 3. b3 Bf5 4. Bb2 e6 5. g3 Nf6 6. Bg2 Be7 7. O-O h6 8. d3 O-O
9. Nc3 Bh7 10. Rc1 Nbd7 11. Qc2 Bd6 12. e4 dxe4 13. dxe4 Nc5 14. Rfe1 a5 15.
Rcd1 Qc7 16. Nd4 Rfd8 17. f3 Na6 18. Kh1 Bc5 19. Na4 Bb4 20. Rf1 Nc5 21. Ne2
Nxa4 22. Bxf6 gxf6 23. bxa4 Rxd1 24. Rxd1 Rd8 25. f4 f5 26. e5 Bg6 27. Bf3 Qb6
28. Rxd8+ Qxd8 29. Kg2 Qd2 30. Qxd2 Bxd2 31. Nd4 Bc3 32. Nb3 Bb4 33. a3 Bc3 34.
Nc5 f6 35. exf6 b6 36. Nxe6 Bf7 37. Nd8 Bxc4 38. Nxc6 Bxf6 39. Kf2 Bb3 40. Ke3
Bxa4 41. Nd4 Bd7 42. Bd1 b5 43. Bc2 Be7 44. a4 bxa4 45. Bxf5 Be8 46. Kd3 a3 47.
Be6+ Kg7 48. Ba2 Kf6 49. g4 Bd6 50. Ke4 Bg6+ 51. Kf3 Bf7 52. Nb3 Bxb3 53. Bxb3
Bb4 54. h4 Bc3 55. g5+ hxg5 56. hxg5+ Kg7 57. Kg4 Bb2 58. Kf5 Bc1 59. Kg4 Bb2
60. Kh5 Bc1 61. f5 Bb2 62. Kg4 Ba1 63. Ba2 Be5 64. Kf3 Bb2 65. Bb1 a2 66. Bxa2
Ba3 67. f6+ Kg6 68. Kg4 Bb2 69. Bb1+ Kf7 70. Kf5 Kf8 71. g6 Ba3 1-0

[Event "Frankfurt Ch 2009"]
[Site "Ffm-Kalbach, LAZ"]
[Date "2009.05.04"]
[Round "2.10"]
[White "Roccasalvo, Giuseppe"]
[Black "Zuyev, Igor"]
[Result "0-1"]
[WhiteElo "1859"]
[BlackElo "2308"]
[PlyCount "98"]
[EventDate "2009.??.??"]
[WhiteTeam "SF Plochingen"]
[BlackTeam "SC Ladja Roßdorf"]

1. Nf3 d5 2. b3 Bg4 3. Bb2 Nd7 4. c4 e6 5. e3 Ngf6 6. Be2 Bd6 7. h3 Bxf3 8.
Bxf3 c6 9. Nc3 Qe7 10. d3 Ne5 11. Be2 O-O 12. O-O Ng6 13. Qc2 e5 14. cxd5 cxd5
15. Nb5 Rfc8 16. Qd1 Bb4 17. a3 Ba5 18. b4 Bb6 19. Rc1 Rxc1 20. Qxc1 d4 21.
exd4 a6 22. Nc3 Bxd4 23. Ne4 Nf4 24. Ng3 Bxb2 25. Qxb2 Rd8 26. Re1 Qe6 27. Bf1
Ng6 28. Ne4 Rd4 29. Nc5 Qd5 30. Qb3 Qc6 31. Qb1 h5 32. Ne4 Nf4 33. Qc1 Qxc1 34.
Rxc1 Nd7 35. Rc8+ Kh7 36. Rc7 b6 37. Ng5+ Kg8 38. Rc8+ Nf8 39. Nf3 Rd5 40. Rc6
Nd7 41. Rc8+ Kh7 42. Ra8 Nxd3 43. Rxa6 e4 44. Nh2 Kg6 45. Ra8 N7e5 46. Rc8 b5
47. Rc3 f5 48. g3 Rd4 49. Kg2 Rc4 0-1

[Event "Frankfurt Ch 2009"]
[Site "Ffm-Kalbach, LAZ"]
[Date "2009.05.04"]
[Round "2.11"]
[White "Brüggemann, Ludger"]
[Black "Rasche, Hannes"]
[Result "1-0"]
[WhiteElo "2211"]
[BlackElo "1993"]
[PlyCount "77"]
[EventDate "2009.??.??"]
[WhiteTeam "Sfr. Olfen 1975"]
[BlackTeam "SC Matt im Park Ffm"]

1. e4 e6 2. d4 d5 3. Nd2 Nf6 4. e5 Nfd7 5. Bd3 c5 6. c3 Nc6 7. Ne2 Qb6 8. Nf3
Be7 9. O-O O-O 10. Ng5 Bxg5 11. Bxg5 f6 12. exf6 Nxf6 13. Qd2 Bd7 14. Bf4 c4
15. Bc2 Ne7 16. f3 Be8 17. g4 Ng6 18. Bg3 Rd8 19. Nf4 Nxf4 20. Bxf4 Nd7 21. Kg2
Rf7 22. Rae1 Nf8 23. Bg3 Qc6 24. h4 b5 25. h5 a5 26. a3 Rb7 27. Be5 Rc8 28. Qg5
h6 29. Qd2 b4 30. axb4 axb4 31. g5 bxc3 32. bxc3 Bxh5 33. gxh6 g6 34. Rh1 Nh7
35. Rxh5 gxh5 36. Rg1 Rcc7 37. Kh3+ Kf8 38. Qf4+ Rf7 39. Bd6+ 1-0

[Event "Frankfurt Ch 2009"]
[Site "Ffm-Kalbach, LAZ"]
[Date "2009.05.04"]
[Round "2.12"]
[White "Grass, Ernest"]
[Black "Prudlo, Simon"]
[Result "1/2-1/2"]
[WhiteElo "1948"]
[BlackElo "2238"]
[PlyCount "80"]
[EventDate "2009.??.??"]
[WhiteTeam "Sfr. Braunfels e.V."]
[BlackTeam "vereinslos"]

1. e4 e6 2. d4 d5 3. exd5 exd5 4. Qf3 c5 5. Bb5+ Nc6 6. Ne2 Be6 7. O-O Qb6 8.
Nbc3 Nf6 9. Nf4 Be7 10. Re1 O-O 11. Bxc6 Qxc6 12. Nxe6 fxe6 13. Qh3 cxd4 14.
Rxe6 Qc5 15. Nd1 Qxc2 16. Bf4 Rae8 17. Rc1 Qa4 18. Qd3 Bc5 19. Rxe8 Rxe8 20. h3
Bb6 21. a3 Qd7 22. Rc2 Re1+ 23. Kh2 Qe6 24. f3 h6 25. Bg3 Re3 26. Nxe3 dxe3 27.
Be1 d4 28. a4 Nd5 29. g3 a5 30. Kg2 Kf7 31. Rc4 Qg6 32. Qb3 Qe6 33. Qd3 Qd6 34.
Rxd4 Bxd4 35. Qxd4 g5 36. Qe4 b6 37. Qh7+ Ke8 38. Qg8+ Kd7 39. Qh7+ Kc6 40. Qe4
Kc7 1/2-1/2

[Event "Frankfurt Ch 2009"]
[Site "Ffm-Kalbach, LAZ"]
[Date "2009.05.04"]
[Round "2.13"]
[White "Rapoport, Vladimir"]
[Black "Kulenovic, Adnan"]
[Result "1-0"]
[WhiteElo "2296"]
[BlackElo "1854"]
[PlyCount "115"]
[EventDate "2009.??.??"]
[WhiteTeam "SC Heusenstamm"]
[BlackTeam "SK Springer Rodenbach"]

1. c4 b5 2. cxb5 e5 3. Nc3 Bb7 4. d4 exd4 5. Qxd4 Nf6 6. Bg5 Be7 7. Nf3 O-O 8.
e3 c5 9. Qd2 a6 10. bxa6 Nxa6 11. Bc4 Nb4 12. O-O d5 13. Be2 Qd7 14. a3 Na6 15.
Rfd1 Rfd8 16. Qc2 Qe6 17. Bd3 g6 18. Qe2 Nc7 19. Bf4 Qb6 20. Rd2 c4 21. Bb1 Ne6
22. Be5 Nc5 23. Nd4 Nfd7 24. Bg3 Bf6 25. Ba2 Ne5 26. Rad1 Re8 27. Bb1 Ned3 28.
Ncb5 Bxd4 29. Nxd4 f5 30. b4 Ne4 31. Rxd3 cxd3 32. Qxd3 Qa6 33. Nb5 Nxg3 34.
hxg3 Rac8 35. Ba2 Red8 36. Bb3 h5 37. a4 Kh7 38. Qd4 Re8 39. Nc3 Qc6 40. Nxd5
Red8 41. b5 Qc5 42. Nf6+ Kh6 43. Ng8+ Kh7 44. Nf6+ Kh6 45. Nd7 Qxd4 46. Rxd4
Rc7 47. Nb6 Rxd4 48. exd4 Rc3 49. Bc4 Rc1+ 50. Kh2 Rc2 51. d5 Rxf2 52. a5 f4
53. gxf4 Rxf4 54. a6 Rf6 55. Nd7 Rxa6 56. bxa6 Bxa6 57. Bxa6 Kg5 58. Bd3 1-0

[Event "Frankfurt Ch 2009"]
[Site "Ffm-Kalbach, LAZ"]
[Date "2009.05.04"]
[Round "2.14"]
[White "Pauner, Jean-Marie"]
[Black "Uwira, Oliver"]
[Result "0-1"]
[WhiteElo "1843"]
[BlackElo "2286"]
[PlyCount "50"]
[EventDate "2009.??.??"]
[WhiteTeam "Sfr.1891 Friedberg"]
[BlackTeam "SC 1961 König Nied"]

1. e4 c5 2. Nf3 Nc6 3. Bb5 Nf6 4. Nc3 Qc7 5. O-O Nd4 6. Nxd4 cxd4 7. Ne2 Nxe4
8. Nxd4 a6 9. Be2 e5 10. Nf3 d5 11. d4 exd4 12. Qxd4 Be6 13. Bd3 Bc5 14. Qa4+
Qd7 15. Qa5 O-O 16. Qe1 f5 17. Be3 Bd6 18. Bd4 Qc7 19. c3 Rae8 20. Bxe4 fxe4
21. Ng5 Bxh2+ 22. Kh1 Qf4 23. Qe3 Qh4 24. Nh3 Bf4 25. Qe1 Bxh3 0-1

[Event "Frankfurt Ch 2009"]
[Site "Ffm-Kalbach, LAZ"]
[Date "2009.05.04"]
[Round "2.15"]
[White "Sadeghi, Behrang"]
[Black "Gutacker, Stephan"]
[Result "1-0"]
[WhiteElo "2283"]
[BlackElo "1967"]
[PlyCount "41"]
[EventDate "2009.??.??"]
[WhiteTeam "Sfr.1891 Friedberg"]
[BlackTeam "Sfr.1932 Kelkheim"]

1. e4 e5 2. Nf3 Nc6 3. Bb5 a6 4. Ba4 Nf6 5. O-O b5 6. Bb3 Bb7 7. Re1 Bc5 8. c3
Ng4 9. d4 exd4 10. h3 Nxf2 11. Kxf2 dxc3+ 12. Kf1 cxb2 13. Bxb2 O-O 14. Qc2 Bb4
15. Nc3 Na5 16. Re2 Nxb3 17. axb3 f5 18. Nd5 fxe4 19. Qxe4 Bc6 20. Qxb4 Bxd5
21. Qd4 1-0

[Event "Frankfurt Ch 2009"]
[Site "Ffm-Kalbach, LAZ"]
[Date "2009.05.04"]
[Round "2.16"]
[White "Ostermeier, Thorsten"]
[Black "Kaliski, Erwin"]
[Result "0-1"]
[WhiteElo "1971"]
[BlackElo "2231"]
[PlyCount "88"]
[EventDate "2009.??.??"]
[WhiteTeam "Sfr. Frankfurt 1921"]
[BlackTeam "SC Bad Nauheim"]

1. d4 d6 2. Nf3 Nf6 3. c4 g6 4. Nc3 Bg7 5. h3 O-O 6. g4 c5 7. e4 cxd4 8. Nxd4
Nc6 9. Be3 Qa5 10. Bg2 Ne5 11. Qb3 Nd3+ 12. Ke2 Nc5 13. Qc2 Ne6 14. Rhd1 h5 15.
f3 Qe5 16. Qd2 hxg4 17. hxg4 Qg3 18. Rg1 Nxg4 19. Bf1 Nf4+ 20. Kd1 Nxe3+ 21.
Qxe3 Bxd4 22. Qxd4 Qxf3+ 23. Kc2 Be6 24. Re1 Rfc8 25. b3 a6 26. Nd1 b5 27. Re3
Qh5 28. Reg3 bxc4 29. b4 Qe5 30. Qe3 d5 31. Rf3 Nh5 32. Rg5 Qxe4+ 33. Qxe4 dxe4
34. Re3 Rab8 35. Kc3 Nf6 36. Reg3 Nd5+ 37. Kd4 Nxb4 38. a3 Nc6+ 39. Kxe4 Rb3
40. Rg1 Rd8 41. Ne3 Rd4+ 42. Kf3 Bd5+ 43. Kf2 Rf4+ 44. Ke2 Nd4+ 0-1

[Event "Frankfurt Ch 2009"]
[Site "Ffm-Kalbach, LAZ"]
[Date "2009.05.04"]
[Round "2.17"]
[White "Kretner, Georg-Ulrich"]
[Black "Reschke, Thomas"]
[Result "1/2-1/2"]
[WhiteElo "1850"]
[BlackElo "2222"]
[PlyCount "70"]
[EventDate "2009.??.??"]
[WhiteTeam "SC Bad Nauheim"]
[BlackTeam "SC Frankfurt-West"]

1. d4 g6 2. c4 Bg7 3. Nf3 d6 4. g3 Bg4 5. Bg2 Qc8 6. h3 Bd7 7. Nc3 c5 8. Be3
cxd4 9. Bxd4 Nf6 10. Nd2 Nc6 11. Be3 O-O 12. Rc1 Nh5 13. g4 Nf6 14. Nde4 Nxe4
15. Bxe4 f5 16. gxf5 gxf5 17. Bb1 f4 18. Bd2 Kh8 19. Rg1 Bf5 20. Nd5 Bxb1 21.
Rxb1 Qxh3 22. b4 Ne5 23. Qb3 Qh2 24. Rf1 Rac8 25. Rc1 e6 26. c5 exd5 27. Qxd5
dxc5 28. Rh1 Rcd8 29. Qxb7 Rd7 30. Qe4 Rd4 31. Qb7 Qxh1+ 32. Qxh1 Re8 33. Rc2
cxb4 34. Qb7 Red8 35. Kf1 a5 1/2-1/2

[Event "Frankfurt Ch 2009"]
[Site "Ffm-Kalbach, LAZ"]
[Date "2009.05.04"]
[Round "2.18"]
[White "Schwenkreis, Thomas"]
[Black "Matthis, Peter"]
[Result "1-0"]
[WhiteElo "2041"]
[BlackElo "1843"]
[PlyCount "79"]
[EventDate "2009.??.??"]
[WhiteTeam "SV Oberursel"]
[BlackTeam "SC Heusenstamm"]

1. e4 c6 2. d4 d5 3. e5 Bf5 4. Bd3 Bxd3 5. Qxd3 e6 6. Ne2 Qb6 7. f4 c5 8. c3
Nc6 9. a3 c4 10. Qc2 Nge7 11. O-O Na5 12. Nd2 Nec6 13. Nf3 g6 14. Be3 Ne7 15.
Bf2 h6 16. h3 O-O-O 17. Nd2 Nec6 18. Rab1 Nb3 19. Nf3 Be7 20. Nh2 Rdg8 21. Ng4
Qd8 22. Ne3 f6 23. exf6 Bxf6 24. Rbe1 g5 25. Kh1 h5 26. fxg5 Bxg5 27. Ng1 Rh6
28. Nf3 Rhg6 29. Re2 Qf6 30. Qd1 Qg7 31. Rg1 b6 32. Nxg5 Rxg5 33. Bh4 Rg6 34.
Rf2 Nba5 35. Rgf1 Qh6 36. Qe2 Nb7 37. Rf6 Nd6 38. Nxd5 exd5 39. Qe6+ Kb7 40.
Qxd6 1-0

[Event "Frankfurt Ch 2009"]
[Site "Ffm-Kalbach, LAZ"]
[Date "2009.05.04"]
[Round "2.19"]
[White "Petri, Igor"]
[Black "Schreiner, Roland"]
[Result "1/2-1/2"]
[WhiteElo "1818"]
[BlackElo "2153"]
[PlyCount "110"]
[EventDate "2009.??.??"]
[WhiteTeam "TuS Makkabi Ffm"]
[BlackTeam "SC Heusenstamm"]

1. f4 d5 2. Nf3 Nf6 3. e3 c5 4. d4 Nc6 5. c3 cxd4 6. exd4 Bf5 7. Bd3 e6 8. Qc2
Bxd3 9. Qxd3 Bd6 10. O-O Ne4 11. Nbd2 f5 12. Ne5 O-O 13. Nxe4 fxe4 14. Qh3 Qe8
15. Bd2 Bxe5 16. fxe5 Qg6 17. Rxf8+ Rxf8 18. Rf1 Rxf1+ 19. Kxf1 Ne7 20. Qh4
Qf5+ 21. Ke2 Nc6 22. Qg5 Qxg5 23. Bxg5 b5 24. Kd2 Kf7 25. b3 Kg6 26. Be3 Kf5
27. h3 h5 28. c4 bxc4 29. bxc4 dxc4 30. Kc3 Ne7 31. Kxc4 Nd5 32. Bc1 Nf4 33. a4
Nxg2 34. Kb5 e3 35. Ka6 e2 36. Bd2 e1=Q 37. Bxe1 Nxe1 38. Kxa7 Nc2 39. Kb6 Ke4
40. a5 Nb4 41. Kc5 Na6+ 42. Kd6 Kxd4 43. Kxe6 Kc5 44. h4 Kb5 45. Kf7 Kxa5 46.
Kxg7 Kb6 47. Kg6 Kc6 48. Kxh5 Kd5 49. Kg6 Kxe5 50. h5 Nc7 51. h6 Ne6 52. Kh7
Ng5+ 53. Kg6 Ne6 54. h7 Nf8+ 55. Kg7 Nxh7 1/2-1/2

[Event "Frankfurt Ch 2009"]
[Site "Ffm-Kalbach, LAZ"]
[Date "2009.05.04"]
[Round "2.20"]
[White "Kosak, Michael"]
[Black "Ganjian, Mehrdad"]
[Result "1-0"]
[WhiteElo "2128"]
[BlackElo "1834"]
[PlyCount "101"]
[EventDate "2009.??.??"]
[WhiteTeam "SK 1858 Gießen"]
[BlackTeam "Sfr. Frankfurt 1921"]

1. d4 Nf6 2. c4 d6 3. Nc3 g6 4. e4 Bg7 5. Be2 Nbd7 6. Bg5 c6 7. Qd2 a6 8. a4
Qa5 9. Rd1 h6 10. Be3 c5 11. d5 Ne5 12. Qc2 h5 13. Bd2 Qc7 14. f4 Ned7 15. Nf3
Nf8 16. O-O Bg4 17. Rde1 N6d7 18. Kh1 e5 19. dxe6 fxe6 20. Ng5 Nf6 21. f5 gxf5
22. exf5 O-O-O 23. Bxg4 hxg4 24. fxe6 Re8 25. Bf4 Qc6 26. Nf7 Nxe6 27. Nxh8
Bxh8 28. Qf5 Qd7 29. Nd5 Nxd5 30. cxd5 Ng7 31. Rxe8+ Nxe8 32. Qf8 Bg7 33. Qg8
Kc7 34. Bh6 Bf6 35. b3 Kb6 36. Re1 Be5 37. Qg6 Qe7 38. Bf4 Qf6 39. Qxf6 Nxf6
40. Bxe5 dxe5 41. Rxe5 Ka5 42. Rf5 Nd7 43. Rf4 b5 44. Rxg4 Ne5 45. Re4 Nd7 46.
h4 Nf6 47. d6 Kb6 48. Re6 Nd7 49. h5 c4 50. bxc4 bxc4 51. h6 1-0

[Event "Frankfurt Ch 2009"]
[Site "Ffm-Kalbach, LAZ"]
[Date "2009.05.04"]
[Round "2.21"]
[White "Drill, Frank"]
[Black "Sarközy, Benjamin"]
[Result "1/2-1/2"]
[WhiteElo "2133"]
[BlackElo "1820"]
[PlyCount "39"]
[EventDate "2009.??.??"]
[WhiteTeam "Sfr.Neuberg"]
[BlackTeam "SC 1933 Somborn"]

1. d4 d5 2. e4 dxe4 3. Nc3 Nf6 4. f3 c5 5. Bf4 Nd5 6. Bxb8 Nxc3 7. bxc3 Rxb8 8.
Bb5+ Bd7 9. Bxd7+ Qxd7 10. fxe4 cxd4 11. Qh5 Qc6 12. Ne2 Qxe4 13. O-O Qg6 14.
Qb5+ Qc6 15. Qb3 e6 16. cxd4 Be7 17. Rf3 O-O 18. Raf1 Rbc8 19. c3 b5 20. Qb1
1/2-1/2

[Event "Frankfurt Ch 2009"]
[Site "Ffm-Kalbach, LAZ"]
[Date "2009.05.04"]
[Round "2.22"]
[White "Schreyer, Alois"]
[Black "Czech, Ludwig"]
[Result "0-1"]
[WhiteElo "2113"]
[BlackElo "2085"]
[PlyCount "116"]
[EventDate "2009.??.??"]
[WhiteTeam "SC Steinbach"]
[BlackTeam "VSG 1880 Offenbach"]

1. e4 e6 2. d4 d5 3. Nc3 Bb4 4. e5 c5 5. Bd2 cxd4 6. Nb5 Bc5 7. b4 Bb6 8. Nd6+
Kf8 9. Bd3 Nc6 10. f4 Bc7 11. Nb5 a6 12. Nxc7 Qxc7 13. Nf3 Nge7 14. O-O Bd7 15.
a4 g6 16. Qe1 Nf5 17. g4 Ne3 18. Bxe3 dxe3 19. Qxe3 Nxb4 20. f5 gxf5 21. Qh6+
Ke8 22. Qg7 Qc5+ 23. Rf2 Qf8 24. Qxf8+ Rxf8 25. gxf5 Nxd3 26. cxd3 exf5 27. Nd4
Rg8+ 28. Kf1 Rg5 29. Rb1 Rb8 30. a5 f4 31. Nf3 Bh3+ 32. Ke2 Bg4 33. d4 Rg6 34.
Rb2 Rc6 35. Rg2 Rg6 36. Kf2 Bf5 37. Nh4 Rxg2+ 38. Nxg2 f3 39. Nh4 Be4 40. Nxf3
Rc8 41. Ne1 Rc7 42. Kg3 Kd8 43. Kf4 Rc1 44. Nf3 Rf1 45. Rb3 Kc7 46. Rc3+ Kb8
47. Kg4 Ra1 48. Rc5 Ra4 49. Ng5 Rxd4 50. Nxe4 dxe4 51. Kf4 Rd2 52. e6 fxe6 53.
Rh5 Rd5 54. Rxh7 Rxa5 55. h4 e3 56. Kxe3 Ra4 57. h5 a5 58. h6 Rh4 0-1

[Event "Frankfurt Ch 2009"]
[Site "Ffm-Kalbach, LAZ"]
[Date "2009.05.04"]
[Round "2.23"]
[White "Fischer, Manfred"]
[Black "Kabir, Razaul"]
[Result "1-0"]
[WhiteElo "1986"]
[BlackElo "2100"]
[PlyCount "63"]
[EventDate "2009.??.??"]
[WhiteTeam "SC FK Babenhausen 1994"]
[BlackTeam "Sfr. Frankfurt 1921"]

1. e4 c5 2. Nf3 e6 3. d4 cxd4 4. Nxd4 Nc6 5. Nc3 Qc7 6. Be3 a6 7. Be2 b5 8. O-O
Nf6 9. f4 b4 10. e5 bxc3 11. exf6 cxb2 12. Rb1 gxf6 13. Nxc6 Qxc6 14. Bf3 d5
15. Rxb2 Bc5 16. Qe2 Bd7 17. Rfb1 O-O 18. Qf2 Bxe3 19. Qxe3 Rfc8 20. Qe1 Qc3
21. Qg3+ Kh8 22. Qh4 Rg8 23. Rb3 Qd4+ 24. Kh1 Rg6 25. Rb7 Be8 26. Bh5 Rg7 27.
h3 Rc8 28. Rb8 Rxb8 29. Rxb8 Rg8 30. Rc8 Kg7 31. Qg3+ Kf8 32. Rxe8+ 1-0

[Event "Frankfurt Ch 2009"]
[Site "Ffm-Kalbach, LAZ"]
[Date "2009.05.04"]
[Round "2.24"]
[White "Janotta, Steffi"]
[Black "Makilla, Tobias"]
[Result "1-0"]
[WhiteElo "2027"]
[BlackElo "1945"]
[PlyCount "79"]
[EventDate "2009.??.??"]
[WhiteTeam "SC Heusenstamm"]
[BlackTeam "Sfr.1932 Kelkheim"]

1. e4 e5 2. Nf3 Nc6 3. Bb5 a6 4. Ba4 Nf6 5. O-O Be7 6. Re1 b5 7. Bb3 O-O 8. a4
Bb7 9. Nc3 b4 10. Nd5 Nxd5 11. Bxd5 d6 12. d4 exd4 13. Nxd4 Qd7 14. Nf5 Bf6 15.
Qg4 Kh8 16. Re3 Ne5 17. Qh5 g6 18. Qh6 Ng4 19. Qf4 Nxe3 20. Bxb7 Rab8 21. Bxe3
Rxb7 22. Nd4 Be5 23. Qh4 c5 24. Nf3 Bxb2 25. Rd1 Qxa4 26. e5 Qxc2 27. Rf1 Qf5
28. Ng5 f6 29. exf6 Bxf6 30. Rd1 b3 31. g4 Qe5 32. Qh6 Re8 33. Nf3 Qe4 34. Qh3
b2 35. Rxd6 b1=Q+ 36. Kg2 Rf8 37. Bxc5 Bg7 38. Bd4 Qxf3+ 39. Qxf3 Rxf3 40. Rd8+
1-0

[Event "Frankfurt Ch 2009"]
[Site "Ffm-Kalbach, LAZ"]
[Date "2009.05.04"]
[Round "2.25"]
[White "Schneider, Uwe"]
[Black "Djakow, Alexander"]
[Result "0-1"]
[WhiteElo "2010"]
[BlackElo "1802"]
[PlyCount "58"]
[EventDate "2009.??.??"]
[WhiteTeam "SV Kinzigtal"]
[BlackTeam "SC Bad Nauheim"]

1. Nf3 d5 2. g3 Nf6 3. Bg2 g6 4. O-O Bg7 5. d4 O-O 6. c4 c6 7. Nc3 Na6 8. cxd5
cxd5 9. Qb3 Nc7 10. Bf4 e6 11. Rac1 Nce8 12. Rc2 Nh5 13. Bg5 Nhf6 14. Rfc1 h6
15. Bf4 Nh5 16. Bd2 Nd6 17. Ne5 Nf6 18. Nb5 Nxb5 19. Qxb5 Nd7 20. Rxc8 Rxc8 21.
Rxc8 Qxc8 22. Qxd7 Bxe5 23. Qxc8 Rxc8 24. dxe5 Rc2 25. Bc3 b5 26. e3 Kf8 27.
Bf1 a6 28. a4 bxa4 29. Bxa6 Rxc3 0-1